| 000 | 00966cam a22002413a 4500 | ||
|---|---|---|---|
| 001 | 13286 | ||
| 003 | PGUSA | ||
| 005 | 20140828083303.0 | ||
| 008 | 040825s2004||||xxu|||||s|||||000 | eng d | ||
| 040 |
_aPGUSA _beng |
||
| 042 | _adc | ||
| 050 | 4 | _aTX | |
| 100 | 1 | _aNeil, Marion Harris | |
| 245 | 1 | 4 |
_aThe Story of Crisco _h[electronic resource] / _cMarion Harris Neil |
| 260 |
_bProject Gutenberg, _c2004 |
||
| 505 | 0 | _aThe story of Crisco -- Things to remember -- Hints to young cooks -- How to choose foods -- Methods of cooking -- Time table for cooking -- The art of carving -- Soups -- Fish -- Meats -- Vegetables -- Salads -- Puddings -- Sandwiches -- Pastries -- Breads -- Cakes -- Vegetarian dishes -- Eggs -- Candies -- Calendar of dinners. | |
| 506 | _aPublic domain in the USA. | ||
| 516 | _aElectronic text | ||
| 653 | _aCooking, American | ||
| 830 | 0 |
_aProject Gutenberg _v13286 |
|
| 856 | 4 | 0 | _uhttp://www.gutenberg.org/ebooks/13286 |
| 942 | _cEB | ||
| 999 |
_c242541 _d242541 |
||